
Library Catalogue

| 000 -LEADER | |
|---|---|
| fixed length control field | 02223nam a22003015i 4500 |
| 001 - CONTROL NUMBER | |
| control field | in00024395004 |
| 005 - DATE AND TIME OF LATEST TRANSACTION | |
| control field | 20260410051430.0 |
| 008 - FIXED-LENGTH DATA ELEMENTS--GENERAL INFORMATION | |
| fixed length control field | 260107s2026 nyu 000 0 eng |
| 010 ## - LIBRARY OF CONGRESS CONTROL NUMBER | |
| LC control number | 2026930344 |
| 020 ## - INTERNATIONAL STANDARD BOOK NUMBER | |
| International Standard Book Number | 9780198959090 |
| Qualifying information | (hardback) |
| 040 ## - CATALOGING SOURCE | |
| Original cataloging agency | DLC |
| Language of cataloging | eng |
| Description conventions | rda |
| Transcribing agency | DLC |
| 042 ## - AUTHENTICATION CODE | |
| Authentication code | pcc |
| 082 ## - DEWEY DECIMAL CLASSIFICATION NUMBER | |
| Classification number | 346.072 BRI |
| 100 1# - MAIN ENTRY--PERSONAL NAME | |
| Personal name | Bridge, Michael, |
| 245 14 - TITLE STATEMENT | |
| Title | The sale of goods / |
| Statement of responsibility, etc. | M G Bridge. |
| 250 ## - EDITION STATEMENT | |
| Edition statement | 5th. |
| 263 ## - PROJECTED PUBLICATION DATE | |
| Projected publication date | 2602 |
| 264 #1 - PRODUCTION, PUBLICATION, DISTRIBUTION, MANUFACTURE, AND COPYRIGHT NOTICE | |
| Place of production, publication, distribution, manufacture | New York : |
| Name of producer, publisher, distributor, manufacturer | Oxford university press, |
| Date of production, publication, distribution, manufacture, or copyright notice | 2026. |
| 300 ## - PHYSICAL DESCRIPTION | |
| Extent | cvi, 848 pages; |
| Dimensions | 25 cm. |
| 336 ## - CONTENT TYPE | |
| Content type term | text |
| Content type code | txt |
| Source | rdacontent |
| 365 ## - TRADE PRICE | |
| Price amount | Rs. 36830.00 |
| 505 ## - FORMATTED CONTENTS NOTE | |
| Formatted contents note | 1:Introduction and Conclusion of the Contract -<br/>2:Definition and Subject Matter of the Sale of Goods Contract -<br/>3:The Passing of Property -<br/>4:Risk, Mistake, and Frustration -<br/>5:The Seller's Duty and Power to Transfer Title -<br/>6:Delivery, Acceptance, and Payment -<br/>7:The Implied Terms of Description, Fitness, and Quality -<br/>8:Other Liabilities of the Seller and Liabilities of Third Parties -<br/>9:Unfair Contract Terms -<br/>10:Termination of the Contract for Breach -<br/>11:The Remedies of the Seller and the Buyer I -<br/>12:The Remedies of the Seller and the Buyer II. |
| 520 ## - SUMMARY, ETC. | |
| Summary, etc. | "This chapter divides into two unequal parts. The first part deals with the seller's contractual duty to ensure that the buyer obtaining the property in the goods receives the best title as against all other possible claimants. Exceptionally, the parties may agree a limited title sale but may not exclude the seller's duty. The seller also has duties concerning the buyer's quiet possession and freedom from encumbrances affecting the goods. The second part deals with the power of the seller to give the buyer the best possible title. It starts with the rule that a seller can transfer no better title than it has before turning to common law exceptions (apparent authority and apparent ownership) and statutory exceptions, notably, voidable title, mercantile agency, seller in possession, buyer in possession and hire purchase legislation"-- |
| Assigning source | Provided by publisher. |
| 650 ## - SUBJECT ADDED ENTRY--TOPICAL TERM | |
| Topical term or geographic name entry element | Sale of Goods |
| 906 ## - LOCAL DATA ELEMENT F, LDF (RLIN) | |
| a | 0 |
| b | ibc |
| c | orignew |
| d | 2 |
| e | epcn |
| f | 20 |
| g | y-gencatlg |
| 942 ## - ADDED ENTRY ELEMENTS (KOHA) | |
| Source of classification or shelving scheme | Dewey Decimal Classification |
| Koha item type | BOOKs |
| Withdrawn status | Lost status | Source of classification or shelving scheme | Materials specified (bound volume or other part) | Damaged status | Not for loan | Home library | Current library | Shelving location | Date acquired | Cost, normal purchase price | Total Checkouts | Full call number | Barcode | Checked out | Date last seen | Date last checked out | Price effective from | Koha item type | Public note |
|---|---|---|---|---|---|---|---|---|---|---|---|---|---|---|---|---|---|---|---|
| Dewey Decimal Classification | HB | . | . | REFERENCE SECTION | 10.04.2026 | 36830.00 | 1 | 346.072 BRI | 40808 | 15.07.2026 | 16.04.2026 | 16.04.2026 | 10.04.2026 | BOOKs | Recommended by Mr. Harsha N |